[Event "31st ch-BAN"]
[Site "Dhaka BAN"]
[Date "2005.02.25"]
[Round "1"]
[White "Uten"]
[Black "Islam,Kh"]
[Result "1/2-1/2"]
[WhiteElo "2141"]
[BlackElo "2287"]
[EventDate "2005.02.25"]

1. d4 d5 2. c4 e6 3. Nf3 Nf6 4. Nc3 Be7 5. g3 O-O 6. cxd5 exd5 7. Bg2 c6 8.
Qc2 Na6 9. a3 Nc7 10. O-O Nce8 11. Bf4 Nd6 12. Rad1 Bf5 13. Qb3 Qb6 14. Qa2
Nc4 15. Bc1 Bc2 16. Rde1 Ne4 17. b4 Nxc3 18. Qxc2 Nb5 19. Qd3 f5 20. e4
fxe4 21. Rxe4 dxe4 22. Qxc4+ Kh8 23. Ne5 Nd6 24. Qe6 Qd8 25. Nd7 Re8 26.
Bf4 Bg5 27. Qxd6 Bxf4 28. gxf4 Re7 29. Bh3 Rc8 30. d5 Rc7 31. dxc6 Rxc6 32.
Qd4 Rh6 33. Bf5 Rh5 34. Qd5 Rxf5 35. Qxf5 Rxd7 36. Qxe4 Rd1 37. Rxd1 Qxd1+
38. Kg2 Qg4+ 39. Kf1 Qd1+ 40. Qe1 Qd7 41. f5 h6 42. Qe4 Qc7 43. Kg2 b6 44.
a4 Qd7 45. b5 Qd1 46. Qe8+ Kh7 47. Qg6+ Kh8 48. f6 Qd5+ 49. f3 Qd2+ 50. Kh3
gxf6 51. Qxf6+ Kg8 52. Qe6+ Kg7 53. Qe7+ Kg6 54. Qxa7 Qd6 55. Qb7 Qe6+ 56.
Kg3 Qe5+ 57. Kf2 Qxh2+ 58. Ke3 Qg1+ 59. Ke4 Qe1+ 60. Kd5 Qe3 61. Kd6 Qf4+
62. Kc6 Qxf3+ 63. Kxb6 Qxb7+ 64. Kxb7 h5 65. a5 h4 66. a6 h3 67. a7 h2 68.
a8=Q h1=Q+ 1/2-1/2

[Event "31st ch-BAN"]
[Site "Dhaka BAN"]
[Date "2005.02.25"]
[Round "1"]
[White "Islam,AP"]
[Black "Hasan Md,E"]
[Result "1/2-1/2"]
[WhiteElo "2198"]
[BlackElo "2121"]
[EventDate "2005.02.25"]

1. Nf3 Nf6 2. c4 g6 3. Nc3 Bg7 4. e4 d6 5. d4 O-O 6. Be2 e5 7. O-O Nc6 8.
d5 Ne7 9. Ne1 c5 10. dxc6 bxc6 11. Nd3 Be6 12. c5 d5 13. exd5 Nfxd5 1/2-1/2

[Event "31st ch-BAN"]
[Site "Dhaka BAN"]
[Date "2005.02.25"]
[Round "1"]
[White "Rahman,SM"]
[Black "Rahman,Zia"]
[Result "0-1"]
[WhiteElo "2210"]
[BlackElo "2523"]
[EventDate "2005.02.25"]

1. e4 g6 2. d4 Bg7 3. c4 d6 4. Nc3 e5 5. d5 Nf6 6. Be2 Nbd7 7. Be3 Nc5 8.
f3 a5 9. Qd2 O-O 10. O-O-O Nh5 11. g3 a4 12. f4 Nf6 13. Bxc5 dxc5 14. Nf3
a3 15. b3 exf4 16. gxf4 Nh5 17. f5 Qf6 18. Kc2 Nf4 19. Bd3 Nxd3 20. Qxd3
Bd7 21. Rhf1 b5 22. fxg6 fxg6 23. e5 bxc4 24. exf6 cxd3+ 25. Kxd3 Rxf6 26.
Nd2 Bf5+ 27. Kc4 Rb6 28. Kxc5 Bxc3 0-1

[Event "31st ch-BAN"]
[Site "Dhaka BAN"]
[Date "2005.02.25"]
[Round "1"]
[White "Ahmed,Mai"]
[Black "Hasan,Me"]
[Result "0-1"]
[WhiteElo "2143"]
[BlackElo "2282"]
[EventDate "2005.02.25"]

1. d4 d5 2. c4 c6 3. cxd5 cxd5 4. Nc3 Nf6 5. Bf4 a6 6. e3 Nc6 7. Bd3 Bg4 8.
f3 Bh5 9. g4 Bg6 10. h4 Bxd3 11. Qxd3 e6 12. Nge2 Rc8 13. h5 b5 14. g5 Nd7
15. Kf2 f6 16. gxf6 Qxf6 17. Rag1 Qf7 18. e4 Be7 19. exd5 exd5 20. Qe3 Nb6
21. b3 Kd7 22. Rg4 Rce8 23. Be5 Bf6 24. Rhg1 Re7 25. h6 g5 26. Rc1 b4 27.
Nd1 Bxe5 28. dxe5 Nxe5 29. Qxb6 Qxf3+ 30. Kg1 Qxg4+ 31. Kf1 Rf8+ 32. Nf2
Qxe2+ 0-1

[Event "31st ch-BAN"]
[Site "Dhaka BAN"]
[Date "2005.02.26"]
[Round "2"]
[White "Islam,Kh"]
[Black "Abdulla,AlR"]
[Result "0-1"]
[WhiteElo "2287"]
[BlackElo "2454"]
[EventDate "2005.02.25"]

1. d4 e6 2. Nf3 Nf6 3. c4 c5 4. d5 b5 5. dxe6 fxe6 6. cxb5 Bb7 7. g3 Be7 8.
Bg2 O-O 9. O-O d5 10. Nbd2 a6 11. Ng5 Qb6 12. e4 axb5 13. Bh3 dxe4 14. Nxe6
Re8 15. Nf4 Nc6 16. Be6+ Kh8 17. Nd5 Qd8 18. Nxf6 Bxf6 19. Bh3 Ne5 20. Bg2
Nd3 21. Qc2 c4 22. a3 Bd4 23. Nb1 Rf8 24. Nc3 Nxf2 25. Nxb5 Nd3+ 26. Nxd4
Qxd4+ 27. Kh1 Rxf1+ 28. Bxf1 e3+ 29. Bg2 Nf2+ 30. Kg1 e2 31. Qxe2 Nh3+ 0-1

[Event "31st ch-BAN"]
[Site "Dhaka BAN"]
[Date "2005.02.26"]
[Round "2"]
[White "Abu Sufian,S"]
[Black "Hossain,Enam"]
[Result "1/2-1/2"]
[WhiteElo "2270"]
[BlackElo "2434"]
[EventDate "2005.02.25"]

1. e4 c5 2. b3 Nc6 3. Bb2 a6 4. f4 e6 5. d3 d5 6. Nd2 Nf6 7. e5 Ng8 8. Ngf3
Nh6 9. d4 Nf5 10. Bd3 Nfxd4 11. Nxd4 cxd4 12. a3 Bd7 13. Nf3 g6 14. h4 Be7
15. Qd2 Qb6 16. h5 O-O-O 17. g4 f6 18. hxg6 fxe5 19. Nxe5 Nxe5 20. fxe5
hxg6 21. O-O-O g5 22. Kb1 Rxh1 23. Rxh1 Rf8 24. Rf1 Rxf1+ 25. Bxf1 d3 26.
Qxd3 Qg1 27. Qd1 Bc5 28. Be2 Qg3 29. Ka2 Be3 30. Qd3 Qf2 31. Qc3+ Kb8 32.
Bd3 Bc5 33. Qa5 Qf8 34. Qd2 Be7 35. Qe3 Bc6 36. a4 1/2-1/2

[Event "31st ch-BAN"]
[Site "Dhaka BAN"]
[Date "2005.02.26"]
[Round "2"]
[White "Hasan,Me"]
[Black "Reefat,S"]
[Result "0-1"]
[WhiteElo "2282"]
[BlackElo "2462"]
[EventDate "2005.02.25"]

1. e4 e6 2. d4 d5 3. Nc3 Nf6 4. Bg5 Be7 5. e5 Nfd7 6. Bxe7 Qxe7 7. f4 O-O
8. Nf3 c5 9. Qd2 Nc6 10. O-O-O a6 11. dxc5 Nxc5 12. Bd3 f6 13. Rde1 Bd7 14.
exf6 Qxf6 15. g3 Rae8 16. Kb1 Bc8 17. Ne5 b5 18. Qf2 Nxe5 19. Rxe5 Qxe5 0-1

[Event "31st ch-BAN"]
[Site "Dhaka BAN"]
[Date "2005.02.26"]
[Round "2"]
[White "Haque,R1"]
[Black "Ahmed,Mai"]
[Result "0-1"]
[WhiteElo "2175"]
[BlackElo "2143"]
[EventDate "2005.02.25"]

1. Nf3 d5 2. d3 Nc6 3. Nbd2 e5 4. e4 Nf6 5. Be2 h6 6. O-O Be6 7. c3 Bd6 8.
Re1 O-O 9. Bf1 a5 10. a4 Re8 11. g3 Qd7 12. Bg2 dxe4 13. Nxe4 Nxe4 14. dxe4
Rad8 15. Be3 Qe7 16. Qc2 Bc5 17. Bf1 Bxe3 18. Rxe3 Qc5 19. Rc1 Rd6 20. b4
axb4 21. cxb4 Qxb4 22. Rb1 Qa5 23. Rxb7 Red8 24. Kg2 Bg4 25. Qc3 Qxa4 26.
Nxe5 Nxe5 27. Qxe5 Qd7 28. Re1 Rd1 29. Qc3 Bh3+ 30. Kg1 Qc6 0-1

[Event "31st ch-BAN"]
[Site "Dhaka BAN"]
[Date "2005.02.26"]
[Round "2"]
[White "Rahman,Zia"]
[Black "Murshed,N"]
[Result "1/2-1/2"]
[WhiteElo "2523"]
[BlackElo "2479"]
[EventDate "2005.02.25"]

1. Nf3 g6 2. c4 Bg7 3. d4 d6 4. Nc3 Nc6 5. g3 Bg4 6. Bg2 Qd7 7. O-O Bxf3 8.
Bxf3 Nxd4 9. Bxb7 Rb8 10. Bg2 c5 11. Rb1 Nf6 12. b3 O-O 13. Bb2 Ne8 14. e3
Nc6 15. Qf3 Nb4 16. a3 Nd3 17. Ba1 Nc7 18. Qe2 Ne5 19. b4 Qg4 20. Qxg4 Nxg4
21. Rfd1 Ne5 22. Bf1 cxb4 23. axb4 Nc6 24. b5 Ne5 25. Be2 Nd7 26. Na2 a5
27. Bxg7 Kxg7 28. Nc3 Nb6 29. Ra1 Rfc8 30. Na4 Nca8 31. Nb2 a4 32. Rdc1 Nc7
33. Bd1 a3 34. Nd3 Ne6 35. Rxa3 Rxc4 1/2-1/2

[Event "31st ch-BAN"]
[Site "Dhaka BAN"]
[Date "2005.02.26"]
[Round "2"]
[White "Hasan Md,E"]
[Black "Rahman,SM"]
[Result "0-1"]
[WhiteElo "2121"]
[BlackElo "2210"]
[EventDate "2005.02.25"]

1. e4 c5 2. d3 Nc6 3. Nf3 g6 4. g3 Bg7 5. Bg2 d6 6. O-O Nf6 7. c3 O-O 8.
Nbd2 Kh8 9. Re1 e5 10. a4 Ng8 11. Nc4 f5 12. Qb3 f4 13. d4 g5 14. dxe5 dxe5
15. Rd1 Qe7 16. Nd6 Na5 17. Qd5 Be6 18. Qd3 Rad8 19. b3 Bxb3 20. Ba3 b6 21.
h4 Bxd1 22. Rxd1 Nb7 23. Nxg5 Qxd6 24. Qxd6 Rxd6 25. Re1 h6 26. Nf3 fxg3
27. fxg3 Rd3 28. Rf1 Nd6 29. Kh2 Nc4 30. Bc1 Ne3 31. Bxe3 Rxe3 32. g4 Rf4
33. g5 Ne7 34. h5 hxg5 35. Rd1 Rfxf3 36. Bxf3 Rxf3 37. Rd7 Ng8 38. Rxa7
Rxc3 39. Rb7 Rc4 40. Rxb6 Rxa4 0-1

[Event "31st ch-BAN"]
[Site "Dhaka BAN"]
[Date "2005.02.26"]
[Round "2"]
[White "Uten"]
[Black "Islam,AP"]
[Result "1-0"]
[WhiteElo "2141"]
[BlackElo "2198"]
[EventDate "2005.02.25"]

1. e4 d6 2. d4 Nf6 3. Bd3 e5 4. c3 Be7 5. Ne2 d5 6. dxe5 Nxe4 7. Bxe4 dxe4
8. Qa4+ Nc6 9. Qxe4 Bg5 10. O-O Bxc1 11. Rxc1 O-O 12. Nd4 Bd7 13. Nd2 Re8
14. f4 Ne7 15. N2f3 c5 16. e6 fxe6 17. Nxe6 Ng6 18. f5 Bxe6 19. fxe6 Qb6
20. Ng5 Qxb2 21. e7 Rxe7 22. Qd5+ Kh8 23. Rd1 Rf8 24. Rf1 h6 25. Rxf8+ Nxf8
26. Rf1 hxg5 27. Rxf8+ Kh7 28. Qf5+ g6 29. Qh3+ Kg7 1-0

[Event "31st ch-BAN"]
[Site "Dhaka BAN"]
[Date "2005.02.27"]
[Round "3"]
[White "Islam,AP"]
[Black "Islam,Kh"]
[Result "0-1"]
[WhiteElo "2198"]
[BlackElo "2287"]
[EventDate "2005.02.25"]

1. Nf3 d5 2. c4 c6 3. b3 Nf6 4. g3 Bf5 5. Bb2 e6 6. Bg2 Be7 7. O-O O-O 8.
d3 h6 9. Nbd2 a5 10. a3 Nbd7 11. Qc2 Bh7 12. Bc3 Ne8 13. Qb2 Bf6 14. b4
Bxc3 15. Qxc3 Nd6 16. Ne5 Qf6 17. d4 Qd8 18. Nxd7 Qxd7 19. c5 Nb5 20. Qb2
a4 21. f4 Qe7 22. Nf3 Rfe8 23. Qd2 f6 24. Rfe1 Qf7 25. h3 Be4 26. Kh2 Qg6
27. Qe3 Qh7 28. Rg1 Re7 29. g4 Rf8 30. g5 hxg5 31. fxg5 Bxf3 32. gxf6 Rxf6
33. Bxf3 Qf5 34. Rg4 e5 35. Rag1 e4 36. R1g3 Kf8 37. Bg2 Qf2 38. Qg5 Nxd4
39. Rh4 Ke8 40. Qh5+ Kd7 41. Rg5 Nxe2 42. Rxd5+ 0-1

[Event "31st ch-BAN"]
[Site "Dhaka BAN"]
[Date "2005.02.27"]
[Round "3"]
[White "Rahman,SM"]
[Black "Uten"]
[Result "1/2-1/2"]
[WhiteElo "2210"]
[BlackElo "2141"]
[EventDate "2005.02.25"]

1. e4 e5 2. Nf3 Nf6 3. Nxe5 d6 4. Nf3 Nxe4 5. d4 d5 6. Bd3 Nc6 7. h3 Be7 8.
O-O O-O 9. Re1 Bf5 10. Nbd2 Nxd2 11. Qxd2 Bxd3 12. Qxd3 Qd6 13. Ne5 Nxe5
14. dxe5 Qe6 15. Be3 c5 16. f4 d4 17. f5 Qd5 18. f6 Bd8 19. Bh6 Re8 20.
Bxg7 Bc7 21. Qg3 Bxe5 22. Qg4 h5 23. Qh4 Bd6 24. Bh6 Kh7 25. Bg5 Kg6 26.
Bd2 Re5 27. Qg3+ Kxf6 28. Rf1+ Ke6 29. Bf4 Re3 30. Rae1 Kd7 31. Rxe3 Bxf4
32. Qxf4 dxe3 33. Qxe3 Rg8 34. Rf2 Kc7 35. Qf4+ Kb6 36. c4 Qd4 37. Qxd4
cxd4 38. Rxf7 Kc5 39. b3 Kb4 40. Rf3 h4 41. Rd3 Kc5 42. Kf2 a5 43. g4 hxg3+
44. Kg2 a4 45. h4 Rg4 46. h5 Rh4 47. Kxg3 Rxh5 48. Rd2 Re5 49. Kf2 a3 50.
Re2 Rh5 51. Ke1 d3 52. Rg2 Kd4 53. Kd2 Rh4 54. Rf2 b6 55. Rg2 Ke4 1/2-1/2

[Event "31st ch-BAN"]
[Site "Dhaka BAN"]
[Date "2005.02.27"]
[Round "3"]
[White "Murshed,N"]
[Black "Hasan Md,E"]
[Result "1-0"]
[WhiteElo "2479"]
[BlackElo "2121"]
[EventDate "2005.02.25"]

1. d4 Nf6 2. Nf3 g6 3. c4 Bg7 4. g3 O-O 5. Bg2 d6 6. O-O Nbd7 7. Nc3 c6 8.
b3 Qc7 9. e4 e5 10. h3 a5 11. Be3 exd4 12. Nxd4 Nc5 13. Qc2 Re8 14. Rad1
Bd7 15. Rfe1 Rab8 16. Bf4 Nh5 17. Be3 b5 18. cxb5 cxb5 19. Nd5 Qd8 20. g4
Nf6 21. Bg5 Ne6 22. Nxe6 Bxe6 23. e5 Bxd5 24. Bxd5 Rc8 25. Bc6 Rxc6 26.
Qxc6 Qd7 27. Qxd6 Qxd6 28. Rxd6 1-0

[Event "31st ch-BAN"]
[Site "Dhaka BAN"]
[Date "2005.02.27"]
[Round "3"]
[White "Ahmed,Mai"]
[Black "Rahman,Zia"]
[Result "0-1"]
[WhiteElo "2143"]
[BlackElo "2523"]
[EventDate "2005.02.25"]

1. e4 d6 2. d4 Nf6 3. Nc3 g6 4. Be3 c6 5. f3 Nbd7 6. Qd2 b5 7. g4 h6 8.
O-O-O Nb6 9. Bd3 Qc7 10. h4 Bb7 11. Nh3 Bg7 12. g5 hxg5 13. Nxg5 e6 14. d5
b4 15. Nb5 cxb5 16. Bxb5+ Ke7 17. dxe6 fxe6 18. Qxb4 Rhc8 19. Qb3 Nfd5 20.
Bxb6 axb6 21. exd5 Rxa2 22. Bc6 Bxc6 23. dxc6 Ra1+ 24. Kd2 Rxd1+ 25. Rxd1
d5 26. Qa3+ Qd6 27. Re1 e5 28. Qxd6+ Kxd6 29. Nf7+ Kxc6 30. Nxe5+ Kd6 31.
Nxg6 Bxb2 32. Rh1 Bc3+ 33. Kd3 Bg7 34. h5 Rc3+ 35. Kd2 Rxf3 36. h6 Bc3+ 37.
Ke2 Rg3 38. Nh4 Kc5 39. h7 Bh8 40. Nf3 Rg2+ 41. Kd1 Rf2 42. Rh3 b5 43. Rg3
Rf1+ 44. Ke2 Rh1 45. Ng5 Kc4 46. Rf3 Rh2+ 47. Kd1 Rh5 48. Rf8 Bb2 49. Rc8+
Kb4 50. Rg8 Bc3 51. Ke2 Rh2+ 52. Kd3 Rd2+ 53. Ke3 Rh2 54. Kd3 Bf6 55. Rf8
Bb2 56. Rc8 Bf6 57. Rf8 Bb2 58. Rf5 Bc1 59. c3+ Kc5 60. Rf2 Rxf2 0-1

[Event "31st ch-BAN"]
[Site "Dhaka BAN"]
[Date "2005.02.27"]
[Round "3"]
[White "Hossain,Enam"]
[Black "Hasan,Me"]
[Result "1/2-1/2"]
[WhiteElo "2434"]
[BlackElo "2282"]
[EventDate "2005.02.25"]

1. d4 d5 2. c4 dxc4 3. Nf3 Nf6 4. e3 e6 5. Bxc4 c5 6. Qe2 a6 7. dxc5 Bxc5
8. O-O O-O 9. e4 Nc6 10. e5 Nd7 11. Qe4 Be7 12. Bf4 Nc5 13. Qe3 b5 14. Be2
Nb4 15. Rc1 Nd5 16. Qd4 Nxf4 17. Qxf4 Bb7 18. Nbd2 Rc8 19. Qe3 Qb6 20. b3
Bd5 21. a4 f6 22. axb5 axb5 23. Rab1 fxe5 24. Nxe5 Qb7 25. Bf3 Bd6 26. Rd1
Qc7 27. Re1 Rf5 28. Nd3 Bxh2+ 29. Kf1 Nxd3 30. Qxd3 Rd8 31. Qe2 Re5 32. Ne4
Bf4 33. Kg1 Qb7 34. g3 Bh6 35. Nc5 Rxe2 36. Nxb7 Rxe1+ 37. Rxe1 Rd7 38. Nc5
Rd6 39. Nb7 Rd7 40. Nc5 Rd6 41. Nb7 1/2-1/2

[Event "31st ch-BAN"]
[Site "Dhaka BAN"]
[Date "2005.02.27"]
[Round "3"]
[White "Abdulla,AlR"]
[Black "Abu Sufian,S"]
[Result "1-0"]
[WhiteElo "2454"]
[BlackElo "2270"]
[EventDate "2005.02.25"]

1. d4 d5 2. c4 dxc4 3. e4 e5 4. Nf3 exd4 5. Bxc4 Bb4+ 6. Nbd2 Nc6 7. O-O
Be6 8. Bxe6 fxe6 9. Nb3 d3 10. Be3 Nf6 11. Nbd4 Nxd4 12. Nxd4 Qd7 13. Qb3
e5 14. Ne6 Bd6 15. Rfd1 b6 16. Rxd3 Qf7 17. Rxd6 cxd6 18. Rc1 h6 19. f4 Ke7
20. Rc7+ Nd7 21. Qb5 Rhd8 22. Nxd8 Rxd8 23. Rxa7 Kf8 24. f5 Qh5 25. h3 Qf7
26. Qc6 d5 27. Bxb6 Rb8 28. Ra8 1-0

[Event "31st ch-BAN"]
[Site "Dhaka BAN"]
[Date "2005.02.28"]
[Round "4"]
[White "Hasan,Me"]
[Black "Abdulla,AlR"]
[Result "0-1"]
[WhiteElo "2282"]
[BlackElo "2454"]
[EventDate "2005.02.25"]

1. e4 Nc6 2. Nf3 d6 3. d4 Nf6 4. Nc3 Bg4 5. Be2 e6 6. Bg5 Be7 7. Qd2 d5 8.
exd5 exd5 9. h3 Bf5 10. O-O O-O 11. Bd3 Bxd3 12. Qxd3 Nb4 13. Qd2 h6 14.
Bh4 Ne4 15. Nxe4 dxe4 16. Bxe7 Qxe7 17. Rfe1 Rad8 18. c3 Nc6 19. Qc2 f5 20.
Nd2 Qg5 21. f3 e3 22. h4 Qxh4 23. Rxe3 f4 24. Re4 Ne7 25. Rae1 Nf5 26. Nf1
Qg5 27. Re5 h5 28. Qf2 Rd6 29. Re6 h4 30. R6e5 h3 31. Nh2 Qg3 32. Qxg3 fxg3
33. Ng4 Nh4 34. Rh5 Nxg2 35. Re7 Nf4 36. Rc5 Nd5 37. Re5 c6 38. Rh5 Nf4 39.
Rce5 h2+ 40. Nxh2 Nxh5 0-1

[Event "31st ch-BAN"]
[Site "Dhaka BAN"]
[Date "2005.02.28"]
[Round "4"]
[White "Haque,R1"]
[Black "Hossain,Enam"]
[Result "0-1"]
[WhiteElo "2175"]
[BlackElo "2434"]
[EventDate "2005.02.25"]

1. Nf3 c5 2. d3 g6 3. e4 Bg7 4. Be2 Nc6 5. c3 Nf6 6. Nbd2 O-O 7. O-O Ne8 8.
Nb3 d6 9. d4 cxd4 10. cxd4 d5 11. e5 Bf5 12. Nh4 e6 13. Nxf5 exf5 14. Bb5
Rc8 15. Bd2 Nc7 16. Bxc6 bxc6 17. Ba5 Qe7 18. Qd2 Na6 19. Rac1 Rfe8 20.
Rfe1 Qb7 21. Nc5 Nxc5 22. Rxc5 Bf8 23. Rc2 c5 24. dxc5 Rxc5 25. Rxc5 Bxc5
26. Kh1 d4 27. f4 Qd5 28. b3 Bb6 29. Bxb6 axb6 30. Rd1 Rd8 31. Qd3 Qe4 32.
Qd2 Rc8 33. Rc1 Rxc1+ 34. Qxc1 d3 35. h3 h5 36. Qc8+ Kg7 37. Qd8 Qe1+ 38.
Kh2 Qe3 39. Qf6+ Kg8 40. Qd8+ Kh7 41. Qf6 Qxf4+ 42. Kh1 Qc1+ 43. Kh2 Qc7
0-1

[Event "31st ch-BAN"]
[Site "Dhaka BAN"]
[Date "2005.02.28"]
[Round "4"]
[White "Hasan Md,E"]
[Black "Ahmed,Mai"]
[Result "0-1"]
[WhiteElo "2121"]
[BlackElo "2143"]
[EventDate "2005.02.25"]

1. e4 e5 2. Nf3 Nf6 3. d4 Nxe4 4. Bd3 d5 5. dxe5 Nc5 6. O-O Nxd3 7. cxd3
Be7 8. Re1 Nc6 9. h3 O-O 10. Nc3 Be6 11. Ne2 Qd7 12. Nf4 h6 13. a3 a5 14.
Qd2 Rfe8 15. Nh5 Bf8 16. Qf4 Bf5 17. Qg3 Bg6 18. Nf4 Bf5 19. Bd2 Ne7 20.
Nh4 Ra6 21. Rac1 Kh7 22. Nxf5 Nxf5 23. Qg4 c5 24. Re3 Qc8 25. Ree1 Qd7 26.
Re3 Re7 27. e6 fxe6 28. Rxe6 Raxe6 29. Qxf5+ Kg8 30. Nxe6 Rxe6 31. Qg4 b6
32. Bxh6 Qe8 33. Bd2 Re2 34. Qg5 Qf7 35. Be1 Qe6 36. Kf1 Rxb2 37. d4 c4 38.
h4 Bxa3 39. Qd8+ Kh7 40. Ra1 Bb4 41. Qg5 c3 42. Qh5+ Kg8 43. g4 Qe4 44. Kg1
Re2 45. Kh2 Bd6+ 46. Kg1 Rxe1+ 47. Rxe1 Qxe1+ 48. Kg2 Qe4+ 49. Kf1 0-1

[Event "31st ch-BAN"]
[Site "Dhaka BAN"]
[Date "2005.02.28"]
[Round "4"]
[White "Uten"]
[Black "Murshed,N"]
[Result "0-1"]
[WhiteElo "2141"]
[BlackElo "2479"]
[EventDate "2005.02.25"]

1. d4 Nf6 2. c4 g6 3. Nc3 Bg7 4. e4 d6 5. Nf3 O-O 6. Be2 Nbd7 7. O-O e5 8.
Bg5 h6 9. Bh4 Re8 10. dxe5 dxe5 11. Nd2 c6 12. Qc2 Bf8 13. Rad1 Qc7 14. Bg3
Nc5 15. f4 Qb6 16. Kh1 Bg4 17. Bxg4 Nxg4 18. Rf3 exf4 19. Bxf4 Ne6 20. c5
Qxc5 21. Nb3 Qb6 22. h3 Nxf4 23. hxg4 Ne6 24. Rd7 Ng5 25. Rf1 Rad8 26. Rfd1
Rxd7 27. Rxd7 Qe3 28. Qd2 Qg3 29. Rd8 Rxd8 30. Qxd8 Qh4+ 0-1

[Event "31st ch-BAN"]
[Site "Dhaka BAN"]
[Date "2005.02.28"]
[Round "4"]
[White "Islam,AP"]
[Black "Rahman,SM"]
[Result "1/2-1/2"]
[WhiteElo "2198"]
[BlackElo "2210"]
[EventDate "2005.02.25"]

1. e4 e6 2. d4 d5 3. Nd2 Nf6 4. e5 Nfd7 5. f4 c5 6. Ndf3 Nc6 7. Ne2 f6 8.
c3 Qb6 9. exf6 Nxf6 10. g3 Bd6 11. Bg2 O-O 12. O-O cxd4 13. Nexd4 e5 14.
fxe5 Nxe5 15. Nxe5 Bxe5 16. Kh1 Bg4 17. Qb3 Bxd4 18. cxd4 Qxd4 19. Be3 Qe5
20. Rae1 Qh5 21. Bd4 Bh3 22. Bxh3 Qxh3 23. Bxf6 gxf6 24. Qxd5+ Kh8 25. Qxb7
Rab8 26. Qe7 Rbe8 27. Qa3 Qh5 28. Qd3 Rd8 29. Qe2 Qd5+ 30. Qg2 Qxa2 31. Ra1
Qc4 32. Rfc1 Qf7 33. Ra6 Rd7 34. h3 Rfd8 35. Qf3 Rd6 36. Rc8 Kg7 37. Qg4+
Qg6 38. Rc7+ Kh8 39. Rc8 Kg7 40. Rc7+ Kh8 1/2-1/2

[Event "31st ch-BAN"]
[Site "Dhaka BAN"]
[Date "2005.02.01"]
[Round "5"]
[White "Rahman,SM"]
[Black "Islam,Kh"]
[Result "1-0"]
[WhiteElo "2210"]
[BlackElo "2287"]
[EventDate "2005.02.25"]

1. e4 Nc6 2. d4 e5 3. d5 Nce7 4. c4 Ng6 5. Be3 Nf6 6. Nc3 Bb4 7. f3 Qe7 8.
Qd2 a6 9. Nge2 Bc5 10. g3 Bxe3 11. Qxe3 d6 12. g4 Nd7 13. Ng3 Nh4 14. Rg1
h6 15. Nf5 Qg5 16. Qf2 Nxf5 17. gxf5 Qf6 18. Qg3 Rg8 19. Nd1 Qe7 20. Ne3
Nf6 21. Qh3 Bd7 22. O-O-O O-O-O 23. Bd3 Kb8 24. Rd2 g5 25. Ng4 Nxg4 26.
fxg4 f6 27. Kb1 Rh8 28. Be2 Be8 29. Qb3 Qd7 30. h4 Rf8 31. hxg5 hxg5 32.
Rh1 Qa4 33. Qc3 c5 34. Bd1 Qd7 35. Rdh2 Rc8 36. Rh7 Qd8 37. Qh3 Rc7 38. Rh8
Rcf7 39. Qh6 Bd7 40. Rxf8 Rxf8 41. Qg7 Rg8 42. Qh7 Ka7 43. Rh6 Bc8 44. a3
Rf8 45. Qg7 Kb8 46. Bc2 Ka7 47. Ba4 Kb8 48. Ka1 Ka7 49. Ka2 Kb8 50. Bc2 Ka7
51. Kb1 Kb8 52. Ba4 Ka7 53. Bb3 Kb8 54. Bd1 Ka7 55. Kc2 Kb8 56. Rh7 Re8 57.
Kc1 Rf8 58. Bb3 Re8 59. Kb1 Rf8 60. Ba4 Rg8 61. Qe7 Qa5 62. Qxd6+ Ka8 63.
Bc2 Qe1+ 64. Ka2 Qe2 65. Bb3 Qxg4 66. Qxf6 Qxe4 67. Qf7 Rd8 68. Rg7 Rh8 69.
Rg8 Rxg8 70. Qxg8 Qxf5 71. Bc2 Qxc2 72. Qxc8+ Ka7 73. Qxc5+ Kb8 74. d6 Qh7
75. Qxe5 Qd7 76. c5 g4 77. Kb3 Qh7 78. Kc3 Kc8 79. Kd4 Kd7 80. b4 Qf7 81.
Qe3 g3 82. Ke5 Kc6 83. Ke4 Qf2 84. Qf3 Kd7 85. Kf4 Qd4+ 86. Kxg3 Qe5+ 87.
Kf2 Qh2+ 1-0

[Event "31st ch-BAN"]
[Site "Dhaka BAN"]
[Date "2005.02.01"]
[Round "5"]
[White "Murshed,N"]
[Black "Islam,AP"]
[Result "1-0"]
[WhiteElo "2479"]
[BlackElo "2198"]
[EventDate "2005.02.25"]

1. d4 Nf6 2. Nf3 c5 3. d5 b5 4. Bg5 Bb7 5. Bxf6 exf6 6. e4 a6 7. Nbd2 d6 8.
a4 b4 9. a5 Be7 10. Nc4 Nd7 11. Be2 O-O 12. O-O Rb8 13. c3 Bc8 14. Ra4 bxc3
15. bxc3 Re8 16. Ra1 Bf8 17. Qc2 g6 18. Rfb1 Qc7 19. h3 Rxb1+ 20. Rxb1 Bb7
21. Nb6 Nxb6 22. axb6 Qe7 23. Bd3 Bh6 24. Qb3 Ra8 25. Ra1 Qe8 26. Ra4 Qd8
27. Ra2 Qd7 28. Ne1 Bf8 29. Nc2 Be7 30. Ne3 Bd8 31. Qb1 Kg7 32. Bc2 Qb5 33.
Rb2 Qd7 34. Qd1 Rb8 35. Ba4 Qe7 36. Qd3 Bc8 37. Nc4 f5 38. e5 dxe5 39. Qe3
e4 40. Bc6 Bb7 41. Na5 Bc8 42. Nc4 Bb7 43. Qf4 Bxc6 44. dxc6 1-0

[Event "31st ch-BAN"]
[Site "Dhaka BAN"]
[Date "2005.02.01"]
[Round "5"]
[White "Ahmed,Mai"]
[Black "Uten"]
[Result "0-1"]
[WhiteElo "2143"]
[BlackElo "2141"]
[EventDate "2005.02.25"]

1. d4 Nf6 2. Nc3 d5 3. Bg5 Nbd7 4. e3 e6 5. Nf3 Bb4 6. Bd3 c5 7. dxc5 Bxc3+
8. bxc3 Qa5 9. Qd2 Qxc5 10. Bf4 b6 11. O-O Bb7 12. a4 Rc8 13. Rfb1 Ne4 14.
Bxe4 dxe4 15. Rd1 Bd5 16. Nd4 Qxc3 17. Nb5 Qxd2 18. Nd6+ Kf8 19. Rxd2 Ke7
20. Nxc8+ Rxc8 21. a5 b5 22. h4 a6 23. g4 Rc3 24. Rad1 f6 25. Kg2 Nc5 26.
Bc7 Na4 27. Bg3 Nb2 28. Ra1 Nc4 29. Re2 Na3 30. Rd2 b4 31. Bb8 Nxc2 32. Rc1
Nxe3+ 33. fxe3 Rxc1 34. Ba7 b3 35. Bd4 Rc2 36. Rf2 e5 37. Bb2 Kd6 38. Kf1
Rxf2+ 39. Kxf2 Be6 40. g5 f5 41. Kg3 Kd5 42. h5 g6 43. h6 Bd7 44. Ba1 Bb5
45. Bb2 Kc4 46. Bxe5 Kd3 47. Kf4 Kc2 48. Bd4 Bd3 49. Ke5 b2 50. Bxb2 Kxb2
51. Kf6 f4 52. Kg7 fxe3 53. Kxh7 e2 54. Kg7 e1=Q 55. h7 Qc3+ 56. Kxg6 e3+
0-1

[Event "31st ch-BAN"]
[Site "Dhaka BAN"]
[Date "2005.02.01"]
[Round "5"]
[White "Reefat,S"]
[Black "Hasan Md,E"]
[Result "1-0"]
[WhiteElo "2462"]
[BlackElo "2121"]
[EventDate "2005.02.25"]

1. e4 d6 2. d4 Nf6 3. Nc3 g6 4. Be3 Bg7 5. Qd2 c6 6. h3 O-O 7. Nf3 b5 8.
Bd3 Bb7 9. O-O b4 10. Ne2 a5 11. Ng3 Nbd7 12. Bh6 Bxh6 13. Qxh6 Re8 14. e5
Nd5 15. Nh5 1-0

[Event "31st ch-BAN"]
[Site "Dhaka BAN"]
[Date "2005.02.01"]
[Round "5"]
[White "Hossain,Enam"]
[Black "Rahman,Zia"]
[Result "0-1"]
[WhiteElo "2434"]
[BlackElo "2523"]
[EventDate "2005.02.25"]

1. e4 g6 2. d4 Bg7 3. Nf3 d6 4. Nc3 c6 5. Be3 b5 6. Qd2 Nd7 7. Bd3 Ngf6 8.
h3 Qc7 9. Ne2 c5 10. e5 c4 11. exf6 Nxf6 12. Nc3 cxd3 13. Nxb5 Qb6 14. c4
d5 15. b3 Bf5 16. O-O Ne4 17. Qe1 Rc8 18. Rc1 O-O 19. Nc3 dxc4 20. bxc4 Qb7
21. c5 Rfd8 22. Rb1 Qa8 23. Rb4 Bxh3 24. gxh3 Nxc3 25. Qxc3 Qxf3 26. Qxd3
Rd5 27. Qa6 Qxh3 28. Rfb1 Rcd8 29. Rb8 Bxd4 30. Qc4 Rg5+ 31. Bxg5 Qg3+ 32.
Kh1 Qf3+ 0-1

[Event "31st ch-BAN"]
[Site "Dhaka BAN"]
[Date "2005.02.01"]
[Round "5"]
[White "Abdulla,AlR"]
[Black "Haque,R1"]
[Result "1-0"]
[WhiteElo "2454"]
[BlackElo "2175"]
[EventDate "2005.02.25"]

1. d4 d6 2. Bg5 Nd7 3. c3 Ngf6 4. Nd2 e5 5. e3 Be7 6. Bd3 O-O 7. Ngf3 Re8
8. O-O h6 9. Bh4 Bf8 10. e4 g5 11. Bg3 Nh5 12. Re1 Nf4 13. Bf1 Bg7 14. dxe5
dxe5 15. Nc4 Qf6 16. b4 Nf8 17. Nfd2 N8g6 18. Ne3 c6 19. Qc2 h5 20. f3 Be6
21. Bf2 g4 22. fxg4 hxg4 23. Nf5 Bf8 24. Nc4 b5 25. Nce3 Qg5 26. Qd1 a5 27.
Qxg4 Qxg4 28. Nxg4 Red8 29. h3 Rd2 30. Rad1 Rxa2 31. Nf6+ Kh8 32. g3 Ra3
33. gxf4 Nxf4 34. Re3 Bxf5 35. exf5 axb4 36. cxb4 Rxe3 37. Bxe3 Bxb4 38.
Rd7 Kg7 1-0

[Event "31st ch-BAN"]
[Site "Dhaka BAN"]
[Date "2005.02.01"]
[Round "5"]
[White "Abu Sufian,S"]
[Black "Hasan,Me"]
[Result "1/2-1/2"]
[WhiteElo "2270"]
[BlackElo "2282"]
[EventDate "2005.02.25"]

1. d4 d5 2. c4 c6 3. Nc3 dxc4 4. a4 Nf6 5. e3 Bf5 6. Bxc4 e6 7. Nge2 Bb4 8.
O-O O-O 9. f3 Bg6 10. e4 Nbd7 11. Be3 e5 12. Qb3 Qb6 13. Rfd1 Rad8 14. Bf2
exd4 15. Bxd4 Bc5 16. Qxb6 Bxb6 17. a5 Bxd4+ 18. Nxd4 a6 19. Be2 Rfe8 20.
g4 h5 21. h3 hxg4 22. hxg4 Nh7 23. Rd2 Ng5 24. Rad1 Nc5 25. b4 Nce6 26.
Nxe6 Nxe6 27. Rd7 Rb8 28. Na4 Nf8 29. R7d4 Ne6 30. Rd6 Rbd8 31. Bc4 Rxd6
32. Rxd6 Rd8 33. Rxd8+ Nxd8 34. Nc5 Kf8 35. Nxb7 Nxb7 36. Bxa6 Nd6 37. Bb7
Ke7 38. a6 Nb5 39. Bxc6 Na7 40. b5 Nc8 41. b6 Nxb6 42. a7 Kd6 43. a8=Q Nxa8
44. Bxa8 Ke5 45. Kf2 Kf4 46. Bc6 f6 47. Bd5 Be8 48. Bc4 Ba4 49. Bf1 Bc2 50.
Be2 g6 51. Bf1 Bb1 52. Bg2 1/2-1/2